| 000 | 00644nam a2200241 a 4500 | ||
|---|---|---|---|
| 001 | 0001-0962 | ||
| 003 | ELIB.Books | ||
| 008 | 140915 2010 eng | ||
| 020 | _a08170125912591 | ||
| 035 | _a(ELIB.Books)0001-1116 | ||
| 092 |
_a248.8 _bHam |
||
| 100 | _aHamilton, Myrlene | ||
| 245 |
_aTurning Points: _bMoments of Grace, Steps toward Wholeness |
||
| 260 |
_aValley Forge _bJudson Press _c1997 |
||
| 300 |
_a133 _c21.5 Cm |
||
| 500 | _aDr. Yahalaylayla | ||
| 650 | _aChrstian Life | ||
| 856 |
_nKBTS; Library _uKBTS; Elib. |
||
| 942 |
_2ddc _cBK |
||
| 990 | _a1 | ||
| 998 |
_cbat _e2014-09-15 |
||
| 999 |
_c10962 _d10962 |
||